| 000 | 00000nas##2200000za#4500 |
| 001 | 9.514530 |
| 003 | CaOODSP |
| 005 | 20200729152932 |
| 007 | ta |
| 008 | 150406c1990||||xxc|| m #||||f| |0eng|d |
| 022 | |a0843-6193 |
| 040 | |aCaOODSP|beng |
| 043 | |an-cn--- |
| 086 | 1 |aEn1-11E |
| 110 | 1 |aCanada. |bEnvironmental Conservation Service. |
| 245 | 10|aState of the environment report |
| 260 | |aOttawa - Ontario : |bEnvironment Canada. |
| 500 | |aCanadian cataloguing in publication data printed in these publications. |
| 563 | |aSoftcover |
| 775 | 08|tRapport sur l'état de l'environnement |w(CaOODSP)9.512937 |
| 776 | 0#|tState of the environment report |w(CaOODSP)9.507116 |